[Event "Budapest IM-A"]
[Site "Budapest"]
[Date "1990.??.??"]
[Round "10"]
[White "Pogorelov, Ruslan"]
[Black "Busch, Klaus"]
[Result "1/2-1/2"]
[WhiteElo "2415"]
[BlackElo "2305"]

1.Nf3 Nf6 2.c4 c5 3.Nc3 b6 4.d4 cxd4 5.Nxd4 Bb7 6.f3 d6 7.e4 e6 8.Be2 Nbd7
9.O-O Be7 10.Be3 O-O 11.Qd2 a6 12.Rfd1 Rc8 13.Bf1 Qc7 14.Qf2 Rfe8 15.Rac1 Qb8
16.b3 Kh8 17.a4 Bd8 18.Nde2 Bc7 19.g4 Ne5 20.h3 Nfd7 21.f4 Nc6 22.Ng3 Nc5
23.Rb1 Nb4 24.Qd2 Rcd8 25.Bg2 d5 26.cxd5 exd5 27.e5 Ne6 28.Nce2 d4 29.Nxd4 Bxg2
30.Qxg2 Nd5 31.Qf2 Nxe3 32.Qxe3 Nxf4 33.Nc6 Rxd1+ 34.Rxd1 Qb7 35.Qxf4 Qxc6
36.Qxf7 Qc5+ 37.Kh1 Qxe5 38.Rf1 h6 39.Rf3 Rd8 40.Nf1 Qe4 41.Qf5 Qe2 42.Rf2 Qe1
43.Kg2 Bd6 44.Qc2 Re8 45.Qd2 Qe4+ 46.Rf3 Rf8 47.Qd3 Qxd3  1/2-1/2

[Event "Buenos Aires"]
[Site "Buenos Aires"]
[Date "1990.??.??"]
[Round "4"]
[White "Sunye Neto, Jaime"]
[Black "Paglilla, Carlos"]
[Result "1-0"]
[WhiteElo "2470"]
[BlackElo "2405"]

1.c4 e6 2.Nc3 c5 3.Nf3 Nf6 4.g3 d5 5.cxd5 Nxd5 6.Bg2 Nc6 7.O-O Be7 8.Nxd5 exd5
9.d4 O-O 10.dxc5 Bxc5 11.a3 Bf5 12.b4 Bb6 13.Bb2 Be4 14.Rc1 Re8 15.e3 Qd7
16.Qd2 Qf5 17.Nd4 Bxd4 18.Bxd4 Bxg2 19.Kxg2 h5 20.f3 Qg5 21.h4 Qg6 22.Qc2 Qxc2+
23.Rxc2 Nxd4 24.exd4 Re3 25.Rc7 Rxa3 26.Re1 Ra2+ 27.Kh3 Rd2 28.Ree7 Rf8 29.Rxb7 Rxd4
30.b5 Rb4 31.Red7 d4 32.Rd5 Ra4 33.Rxh5 Rd8 34.Rf5 d3 35.Rfxf7 Rad4 36.Rxg7+ Kh8
37.Rh7+ Kg8 38.Rbg7+ Kf8 39.Rb7 Kg8 40.Rbg7+ Kf8 41.Rxa7 Kg8 42.h5 R4d6 43.h6 Rg6
44.Rhd7 Rxh6+ 45.Kg2  1-0

[Event "Cannes op"]
[Site "Cannes"]
[Date "1990.??.??"]
[Round "1"]
[White "Steiner, Darko"]
[Black "Adrian, Claude"]
[Result "1-0"]
[WhiteElo "2000"]
[BlackElo "2225"]

1.Nf3 c5 2.c4 Nf6 3.Nc3 e6 4.d4 cxd4 5.Nxd4 Nc6 6.Bg5 Bb4 7.Rc1 Qa5 8.Bxf6 gxf6
9.a3 Bxc3+ 10.Rxc3 Qe5 11.Nf3 Qc7 12.g3 b6 13.Bg2 Bb7 14.O-O Ne5 15.Nxe5 fxe5
16.e4 h5 17.h4 Qc6 18.Qf3 O-O-O 19.c5 bxc5 20.Rfc1 d6 21.b4 f5 22.bxc5 d5
23.exf5 Rdf8 24.Qe3 Rxf5 25.Rb3 Rhf8 26.Rb2 Ba8 27.Rcb1 Kc7 28.Qc3 Qa6 29.Bf1 d4
30.Qd2 Qa4 31.Bb5 Qxa3 32.Ra2 Rxf2 33.Qxf2 Rxf2 34.Rxa3 Rg2+ 35.Kf1 Be4 36.Bd3 Bxd3+
37.Rxd3 Rc2 38.Ra3 Rxc5 39.Rxa7+ Kc6 40.Ra3 Kd5 41.Rb8 Ke4 42.Rb6 d3 43.Rd6 Rd5
44.Rxd5 exd5 45.g4 hxg4 46.h5 Kf5 47.Rxd3 d4 48.Rg3 Kg5 49.h6 Kxh6 50.Rxg4 Kh5
51.Rg8  1-0

[Event "Cannes op"]
[Site "Cannes"]
[Date "1990.??.??"]
[Round "5"]
[White "Steiner, Darko"]
[Black "Tournier, P."]
[Result "1-0"]
[WhiteElo "2000"]
[BlackElo "2150"]

1.Nf3 c5 2.c4 Nf6 3.Nc3 b6 4.d3 e6 5.Bg5 d6 6.e3 Nbd7 7.Be2 Bb7 8.O-O h6
9.Bh4 a6 10.Nd2 Be7 11.f4 g5 12.fxg5 hxg5 13.Bg3 Qc7 14.Nde4 Rg8 15.a3 g4
16.Qe1 Nxe4 17.Nxe4 f5 18.Nc3 O-O-O 19.b4 Bg5 20.Qf2 Qc6 21.b5 axb5 22.cxb5 Qc7
23.Bh4 Ba8 24.Bxg5 Rxg5 25.Qf4 Rh5 26.e4 Ne5 27.exf5 exf5 28.d4 cxd4 29.Qxd4 Qb7
30.Rf2 Rdh8 31.Rc1 Kd7 32.Rd1 Nf7 33.Bxg4 Rxh2 34.Bxf5+ Kc7 35.Bh3 Rh1+ 36.Kxh1 Rxh3+
37.Kg1 Rh7 38.Rxf7+  1-0

[Event "Cannes op"]
[Site "Cannes"]
[Date "1990.??.??"]
[Round "5"]
[White "Lalic, Bogdan"]
[Black "Kovacevic, Slobodan"]
[Result "1/2-1/2"]
[WhiteElo "2475"]
[BlackElo "2360"]

1.c4 c5 2.Nf3 Nf6 3.Nc3 b6 4.g3 Bb7 5.Bg2 g6 6.b3 Bg7 7.Bb2 O-O 8.O-O d6
9.e3 a6 10.d4 cxd4 11.Nxd4 Bxg2 12.Kxg2 Ra7 13.Qf3  1/2-1/2

[Event "FRA-NLD"]
[Site "Cannes"]
[Date "1990.??.??"]
[Round "6"]
[White "Piket, Jeroen"]
[Black "Prie, Eric"]
[Result "1/2-1/2"]
[WhiteElo "2495"]
[BlackElo "2435"]

1.Nf3 c5 2.c4 Nf6 3.Nc3 e6 4.g3 b6 5.Bg2 Bb7 6.O-O d6 7.d4 cxd4 8.Qxd4 a6
9.Be3 Nbd7 10.Ng5 Bxg2 11.Kxg2 Rc8 12.Nge4 Rc6 13.Nxf6+ Nxf6 14.Rac1 Be7
15.Ne4 O-O 16.Rfd1 Qc7 17.b3 b5 18.cxb5 axb5 19.Nxf6+ Bxf6 20.Qb4 Bb2 21.Rxc6 Qxc6+
22.f3 d5 23.a4 Rb8 24.Ba7 Rb7 25.Qc5 Qd7 26.Bb6 bxa4 27.bxa4 Ba3 28.Qxa3 Rxb6
29.a5 Ra6 30.Rb1 Qa7 31.Rb5 h5 32.Qc3 Kh7 33.Rc5 d4 34.Qxd4 Rxa5 35.Rxh5+ Kg6
36.Qg4+ Kf6 37.Rh7 Rg5 38.Qf4+ Rf5 39.Qd2 Qc5 40.Rh4 Rd5 41.Qb2+ e5 42.Rf4+ Ke6
43.Re4 Rd4 44.Rxd4 exd4 45.h4 f5 46.Qa2+ Kf6 47.Qa6+ Kf7 48.Qb7+ Kg8 49.Qb3+ Kh8
50.Qb8+ Kh7 51.Qf4 d3 52.exd3 Qc2+ 53.Kh3 Qxd3 54.h5 g5 55.Qxg5 Qf1+ 56.Kh2 Qf2+  1/2-1/2

[Event "JUG-chT Cetinje"]
[Site "Cetinje"]
[Date "1990.??.??"]
[Round "2"]
[White "Jukic, Mirko"]
[Black "Cebalo, Miso"]
[Result "1/2-1/2"]
[WhiteElo "2430"]
[BlackElo "2525"]

1.Nf3 c5 2.c4 Nf6 3.Nc3 g6 4.d4 cxd4 5.Nxd4 Bg7 6.e4 d6 7.Be2 Nc6 8.Be3 O-O
9.O-O Nd7 10.Nb3 a5 11.Na4 b6 12.Nd4 Bb7 13.Nb5 Nc5 14.Nac3 Na7 15.Nxa7 Rxa7
16.f3 Bxc3 17.bxc3 Qc7 18.h4 f6 19.Rb1 Bc6 20.Qd2 Rb7 21.Bd4 Rc8 22.Rfe1 Be8
23.Qh6 Bf7 24.h5 Qd8 25.hxg6 Bxg6 26.Rb2 Na4 27.Rb3 Qf8 28.Qxf8+ Kxf8 29.Reb1 Bf7
30.Bxb6 Rxb6 31.Rxb6 Nxb6 32.Rxb6 Bxc4 33.Bxc4 Rxc4 34.Rb3 Kf7  1/2-1/2

[Event "JUG-chT Cetinje"]
[Site "Cetinje"]
[Date "1990.??.??"]
[Round "4"]
[White "Pajkovic, Vladimir"]
[Black "Djuric, Stefan"]
[Result "0-1"]
[WhiteElo "2425"]
[BlackElo "2495"]

1.Nf3 c5 2.c4 Nf6 3.Nc3 d5 4.cxd5 Nxd5 5.e4 Nb4 6.Bc4 Nd3+ 7.Ke2 Nxc1+ 8.Rxc1 Nc6
9.Qb3 e6 10.Bb5 Bd7 11.Rhd1 Bd6 12.d4 cxd4 13.Bxc6 Bxc6 14.Nxd4 Qg5 15.Nxc6 bxc6
16.Kf1 O-O 17.Ne2 Rab8 18.Qc4 Be7 19.b3 Qe5 20.f4 Qa5 21.Rd7 Ba3 22.Rcd1 Bc5
23.R1d3 Bb6 24.a4 Bc5 25.Qc3 Bb4 26.Qd4 Bc5 27.Qe5 Qb4 28.Rg3 g6 29.f5 exf5
30.exf5 Rfe8 31.Qb2 Qh4 32.Qc3 Qe4 33.Qd3 Qe5 34.Rf3 Qxh2 35.Rh3 Qe5 36.Rf3 Re7
37.fxg6 Rxd7 38.gxh7+ Kh8  0-1

[Event "JUG-chT Cetinje"]
[Site "Cetinje"]
[Date "1990.??.??"]
[Round "4"]
[White "Damljanovic, Branko"]
[Black "Cebalo, Miso"]
[Result "1/2-1/2"]
[WhiteElo "2535"]
[BlackElo "2525"]

1.Nf3 Nf6 2.c4 c5 3.Nc3 g6 4.e4 d6 5.d4 cxd4 6.Nxd4 Bg7 7.Be2 Nc6 8.Be3 O-O
9.O-O Nd7 10.Qd2 Nc5 11.Rfd1 Bd7 12.Rac1 a5 13.Ndb5 b6 14.Bh6 Na7 15.Bxg7 Kxg7
16.Qe3 f6 17.f4 Nxb5 18.cxb5 Qb8 19.Bc4 Ra7 20.b3 Be8 21.f5 Bd7 22.Rf1 Qe8
23.Rcd1 Bc8 24.Nd5 Bb7 25.Nxb6 Bxe4 26.Na4 Qc8 27.Nxc5 Qxc5 28.Qxc5 dxc5
29.fxg6 hxg6 30.Rfe1 f5 31.Bd5 a4 32.Bxe4 fxe4 33.Rxe4 axb3 34.axb3 Rb8 35.b4 Rxb5
36.bxc5 Rxc5 37.Rde1 Kf7 38.Rf1+  1/2-1/2

[Event "JUG-chT Cetinje"]
[Site "Cetinje"]
[Date "1990.??.??"]
[Round "8"]
[White "Ivkov, Borislav"]
[Black "Raicevic, Ivica"]
[Result "1/2-1/2"]
[WhiteElo "2480"]
[BlackElo "2335"]

1.Nf3 Nf6 2.c4 c5 3.Nc3 e6 4.e3 Be7 5.d4 O-O 6.d5 d6 7.Be2 e5 8.e4 Re8 9.Nd2 Nbd7
10.h4 Nf8 11.Nf1 Kh8 12.Ne3 Ng8 13.g3 a6 14.Bg4 Rb8 15.a4 Nf6 16.Bxc8 Qxc8
17.h5 h6 18.Kf1 N8h7 19.Nf5 Qd8 20.Kg2 Ng8 21.Qg4 Bf8 22.Bd2 b6 23.Rab1 Ngf6
24.Qe2 Qd7 25.Rbg1 Ng8 26.Kf1 Rb7 27.Qg4 Ngf6 28.Qh3 Ng8 29.Nh4 Be7 30.Qxd7 Rxd7
31.Nf5 Bg5 32.Ke2 Bxd2 33.Kxd2 Ne7 34.Ne3 Ng5 35.Ke2 Nh7 36.f4 Ng8 37.Kd3 Nhf6
38.Re1 g6 39.hxg6 fxg6 40.f5 g5 41.a5 Rb8 42.Ra1 b5 43.cxb5 axb5 44.b3 Ra7
45.Rhb1 h5 46.b4 Nd7 47.Nc2 Ngf6 48.Ke3 Rc7 49.Ra3 Ne8 50.bxc5 Rxc5 51.Nb4 Nc7
52.Nc6 Ra8 53.Rab3 Rc4 54.Kd2 Nc5 55.Rb4 Kg7 56.Rxc4 bxc4 57.Rh1 Nb3+ 58.Kc2 Nd4+
59.Kd2 h4 60.gxh4 gxh4 61.Ke3 Nxc6 62.dxc6 Rxa5 63.Rxh4 Rc5  1/2-1/2

[Event "Clichy"]
[Site "Clichy"]
[Date "1990.??.??"]
[Round "5"]
[White "Papacek, Stepan"]
[Black "Mozny, Milos"]
[Result "1/2-1/2"]
[WhiteElo "2320"]
[BlackElo "2375"]

1.Nf3 Nf6 2.c4 c5 3.Nc3 e6 4.g3 b6 5.Bg2 Bb7 6.O-O d6 7.d4 cxd4 8.Qxd4 Nbd7
9.b3 a6 10.Bb2 Be7 11.Rad1 Qc7 12.e4 O-O 13.Rfe1 Rfd8 14.Qe3  1/2-1/2

[Event "Obro-B"]
[Site "Copenhagen"]
[Date "1990.??.??"]
[Round "1"]
[White "Bang, Andreas"]
[Black "Brinck Claussen, Bjorn"]
[Result "1-0"]
[WhiteElo "2345"]
[BlackElo "2395"]

1.Nf3 Nf6 2.c4 c5 3.Nc3 e6 4.g3 Nc6 5.Bg2 d5 6.cxd5 exd5 7.d4 Be7 8.O-O O-O
9.dxc5 Bxc5 10.Bg5 d4 11.Ne4 Be7 12.Bxf6 Bxf6 13.Qd2 Re8 14.Nxf6+ Qxf6 15.Rfd1 Bg4
16.h3 Bxf3 17.Bxf3 Rad8 18.Qf4 Qe6 19.Kg2 Rd6 20.Rd2 Red8 21.b3 Qe7 22.Rad1 Rf6
23.Qe4 Re6 24.Qb1 h6 25.Bxc6 bxc6 26.e3 c5 27.exd4 cxd4 28.Rxd4 Rxd4 29.Rxd4 g6
30.Qd3 Qb7+ 31.Qf3 Qb6 32.Qa8+ Kg7 33.Rd8 Re5 34.Rg8+ Kf6 35.Qd8+ Qxd8 36.Rxd8 Ra5
37.a4 h5 38.Rd7 Ke6 39.Rb7 a6 40.Kf3 g5 41.Rb6+ Kf5 42.Ke3 g4 43.hxg4+ hxg4
44.Rb4 Kg5 45.Rf4 f5 46.Kd4 Kf6 47.Kc4 Ke6 48.Rd4 Re5 49.b4 Re2 50.Rf4 Rc2+
51.Kb3 Re2 52.b5 axb5 53.axb5 Re5 54.Kc4 Kd6 55.Rd4+ Ke6 56.b6 Re2 57.Kc5 Rc2+
58.Rc4 Rb2 59.Rb4 Rc2+ 60.Kd4  1-0

[Event "Obro-B"]
[Site "Copenhagen"]
[Date "1990.??.??"]
[Round "7"]
[White "Bang, Andreas"]
[Black "Tiberkov, Ivan"]
[Result "1-0"]
[WhiteElo "2345"]
[BlackElo "2305"]

1.Nf3 Nf6 2.c4 c5 3.Nc3 e6 4.g3 b6 5.Bg2 Bb7 6.O-O d6 7.d4 cxd4 8.Qxd4 a6
9.Rd1 Nbd7 10.Ng5 Bxg2 11.Kxg2 Nc5 12.b4 Ncd7 13.Nge4 Qc7 14.Bg5 Qb7 15.f3 Nxe4
16.Nxe4 h6 17.Be3 Rc8 18.Nxd6+ Bxd6 19.Qxd6 Qc6 20.Qd4 e5 21.Qd3 Rc7 22.c5 e4
23.Qxa6 Ne5 24.Rf1 exf3+ 25.exf3  1-0

[Event "Dortmund op"]
[Site "Dortmund"]
[Date "1990.??.??"]
[Round "7"]
[White "Vokac, Marek"]
[Black "Tischbierek, Raj"]
[Result "0-1"]
[WhiteElo "2465"]
[BlackElo "2440"]

1.Nf3 c5 2.c4 Nf6 3.Nc3 e6 4.g3 Be7 5.Bg2 a6 6.O-O O-O 7.b3 Qc7 8.Bb2 d6
9.Rc1 Rd8 10.d4 cxd4 11.Qxd4 Nbd7 12.Rfd1 b6 13.Ng5 Bb7 14.Bxb7 Qxb7 15.Qf4 h6
16.Nge4 Ne8 17.Qf3 Rac8 18.Ba3 Ne5 19.Qh5 f5 20.f4 Ng4 21.Qg6 Nef6 22.Nxf6+ Bxf6
23.Nd5 exd5 24.Qxf5 Qd7 25.Qxd5+ Kh8 26.Qf3 Be7 27.e4 b5 28.c5 b4 29.Bb2 Qe6
30.cxd6 Bxd6 31.f5 Bc5+ 32.Kg2 Ne3+ 33.Kh3 Qe7 34.Rxd8+ Rxd8 35.Qf4 Kh7 36.Qe5 Qxe5
37.Bxe5 Bd4 38.Bf4 Re8 39.e5 Nxf5 40.g4 Ne7 41.Rd1 Nc6  0-1

[Event "Dresden (Women)"]
[Site "Dresden"]
[Date "1990.??.??"]
[Round "?"]
[White "Muresan, Margareta"]
[Black "Heinatz, Gundula"]
[Result "1-0"]
[WhiteElo "2195"]
[BlackElo "2195"]

1.Nf3 Nf6 2.c4 g6 3.Nc3 c5 4.d4 cxd4 5.Nxd4 Nc6 6.e4 Nxd4 7.Qxd4 d6 8.Be2 Bg7
9.Be3 O-O 10.Qd2 Ng4 11.Bxg4 Bxg4 12.f3 Be6 13.Nd5 Rc8 14.Rc1 b5 15.b3 bxc4
16.bxc4 f5 17.exf5 Rxf5 18.O-O Qd7 19.Rfd1 Kf7 20.Qa5 Re5 21.Qa3 Bxd5 22.cxd5 Rxc1
23.Bxc1 Qb5 24.Qb3 Qe2 25.Bf4 Rh5 26.Bg3 Be5 27.f4 Bc3 28.Bf2 Rf5 29.g3 h5
30.Rc1 Bf6 31.Re1 Qd2 32.Rd1 Qe2 33.Re1 Qg4 34.Be3 h4 35.Qd1 Qxd1 36.Rxd1 e5
37.g4 Rxf4 38.Bxf4 exf4 39.Kg2 g5 40.Kf3 Be5 41.Rd3 Bb2 42.Ke4 Kf6 43.h3 Bc1
44.Rc3 Be3 45.Rc8 Bc5 46.Re8 Kf7 47.Re6 Kg7 48.a4 a5 49.Re8 Kf6 50.Rf8+ Kg7
51.Rf5 Kg6 52.Kd3 Bb4 53.Kc4 Kh6 54.Kb5 Kg6 55.Kc6 Bc5 56.Kd7 Kh6 57.Ke7 Bb4
58.Ke6 Bc5 59.Kf7 Bd4 60.Ke7 Bc5 61.Ke6 Kg6 62.Rf8 Bb4 63.Rf6+ Kg7 64.Ke7 Bc5
65.Ke6 Bb4 66.Kf5 f3 67.Ke6  1-0

[Event "Dresden (Women)"]
[Site "Dresden"]
[Date "1990.??.??"]
[Round "?"]
[White "Lelchuk, Zoja"]
[Black "Kunze, Kerstin"]
[Result "1-0"]
[WhiteElo "2340"]
[BlackElo "2160"]

1.c4 Nf6 2.Nc3 c5 3.Nf3 b6 4.g3 Bb7 5.Bg2 g6 6.O-O Bg7 7.d4 cxd4 8.Qxd4 O-O
9.Qh4 d6 10.Rd1 Nbd7 11.Bh6 Rc8 12.b3 Rc5 13.Bxg7 Kxg7 14.Rac1 Qa8 15.b4 Rcc8
16.Qd4 Rfd8 17.a3 Nf8 18.Bh3 e6 19.Bg2 e5 20.Qe3 Ne6 21.Nb5 Qb8 22.Bh3 a6
23.Bxe6 fxe6 24.Ng5 axb5 25.Nxe6+ Kf7 26.Nxd8+ Rxd8 27.Qxb6 bxc4 28.Rxc4 Ke6
29.f3 Nd5 30.Qf2 Ba6 31.Rc2 Qb5 32.e4 Nb6 33.Rdc1 Rf8 34.Rc6 Na4 35.Qa2+ Kd7
36.Rc7+ Kd8 37.Qe6 Qb6+  1-0

[Event "Eger Agria"]
[Site "Eger"]
[Date "1990.??.??"]
[Round "?"]
[White "Titz, Heimo"]
[Black "Madl, Ildiko"]
[Result "0-1"]
[WhiteElo "2245"]
[BlackElo "2390"]

1.c4 Nf6 2.Nc3 c5 3.Nf3 g6 4.d4 Bg7 5.e4 O-O 6.Be2 d6 7.O-O Nc6 8.d5 Na5
9.a3 b6 10.b4 Nb7 11.Bf4 Bg4 12.Rc1 Bxf3 13.Bxf3 Nd7 14.Be2 cxb4 15.axb4 a5
16.bxa5 bxa5 17.Na4 Nbc5 18.Bd3 Nxa4 19.Qxa4 Nc5 20.Qa3 Rb8 21.Rb1 Rb4 22.Be3 Qc7
23.Bxc5 Qxc5 24.Rxb4 axb4 25.Qa2 Rb8 26.Rb1 Bd4 27.g3 Kg7 28.Kg2 Rb7 29.Rb3 Ra7
30.Qe2 Bc3 31.Bb1 Rc7 32.Bd3 Qd4 33.h4 h5 34.Rb1 Qa7 35.Rb3 Rc5 36.Bc2 Qa2
37.Bd1 Qa6 38.Bc2 Qxc4 39.Qxc4 Rxc4 40.Kf3 Rd4 41.Ke3 Rd2 42.Bd3 Kf6 43.Be2 Ra2
44.f4 Ra1 45.Kf3 e5 46.dxe6 fxe6 47.Bd3 Rd1 48.Be2 Rh1 49.Kg2 Ra1 50.Kf3 e5
51.g4 hxg4+ 52.Kxg4 Rg1+ 53.Kf3 Be1 54.fxe5+ Kxe5 55.Ke3 Rh1 56.Rd3 Rh3+
57.Bf3 Rxh4 58.Rd5+ Ke6 59.Rg5 Kf6 60.Rb5 Bc3 61.Rd5 Ke7 62.Rg5 b3 63.Rxg6 b2
64.Rg1 Rh3 65.Rb1 Kf6 66.Kf4 Bd2+ 67.Kg4 Rxf3 68.Kxf3 Bc1 69.Ke2 Ke6 70.Kd3 Ke5
71.Kc3 Kxe4 72.Kc4 d5+ 73.Kc3 Ke3 74.Kc2 d4  0-1

[Event "Eger Agria"]
[Site "Eger"]
[Date "1990.??.??"]
[Round "?"]
[White "Titz, Heimo"]
[Black "Beck, Hartmuth"]
[Result "1-0"]
[WhiteElo "2245"]
[BlackElo "2265"]

1.c4 Nf6 2.Nc3 c5 3.Nf3 b6 4.d4 cxd4 5.Nxd4 Bb7 6.f3 d6 7.e4 e6 8.Be3 a6
9.Be2 Nbd7 10.O-O Be7 11.Rc1 O-O 12.Qd2 Rc8 13.Rfd1 Rc7 14.a3 Qa8 15.b4 Ne5
16.Na4 Nfd7 17.Nb3 Nxc4 18.Bxc4 b5 19.Nb2 bxc4 20.Nxc4 d5 21.Nca5 Rxc1 22.Rxc1 Ne5
23.Rc7 Nc4 24.Nxc4 dxc4 25.Rxc4 Bc6 26.Bc5 Rd8 27.Rd4 Ba4 28.Bxe7  1-0

[Event "Espoo"]
[Site "Espoo"]
[Date "1990.??.??"]
[Round "3"]
[White "Andreasson, Ingvar"]
[Black "Kiik, Kalle"]
[Result "1/2-1/2"]
[WhiteElo "2370"]
[BlackElo "2390"]

1.c4 Nf6 2.Nf3 c5 3.Nc3 e6 4.g3 b6 5.Bg2 Bb7 6.O-O a6 7.Re1 d6 8.b3 Be7 9.Bb2 O-O
10.Qc2 Nc6 11.Rad1 b5 12.e3 bxc4 13.bxc4 Nb4 14.Qb1 Rb8 15.a3 Nc6 16.Qc2 Na5
17.Na4 Be4 18.d3 Bc6 19.Bc3 Qd7 20.Nb6 Rxb6 21.Bxa5 Ba4 22.Qa2 Rb3 23.Rb1 Rfb8
24.Nd2 Rxb1 25.Rxb1 Qc8 26.Kf1 Nd7 27.Ke2 Bc6 28.Bxc6 Qxc6 29.Bc3 Rxb1 30.Qxb1 h6
31.Qb2 e5 32.f3 Qc8 33.g4 Bf8 34.Ne4 Qc6  1/2-1/2

[Event "AUT-ch sf"]
[Site "Finkenstein"]
[Date "1990.??.??"]
[Round "?"]
[White "Petschar, Kurt"]
[Black "Humer, Wolfgang"]
[Result "1/2-1/2"]
[WhiteElo "2315"]
[BlackElo "2315"]

1.c4 Nf6 2.Nc3 c5 3.Nf3 g6 4.e4 Nc6 5.d4 cxd4 6.Nxd4 Nxd4 7.Qxd4 d6 8.Bg5 Bg7
9.Qd2 O-O 10.f3 Be6 11.Rc1 Rc8 12.b3 a5 13.Be2 Qb6 14.Be3 Qb4 15.Na4 Nd7
16.Qxb4 axb4 17.Bd2 Nc5 18.Nb6 Rc6 19.Nd5 Bxd5 20.cxd5 Rb6 21.Kd1 Ra8 22.Rc2 Bd4
23.Bc4 Na6 24.Kc1 Nc7 25.Re1  1/2-1/2

[Event "Frankfurt"]
[Site "Frankfurt"]
[Date "1990.??.??"]
[Round "?"]
[White "Horvath, Tamas"]
[Black "Zsinka, Laszlo"]
[Result "1/2-1/2"]
[WhiteElo "2415"]
[BlackElo "2370"]

1.c4 c5 2.Nf3 Nf6 3.Nc3 e6 4.g3 b6 5.Bg2 Bb7 6.O-O d6 7.d4 cxd4 8.Qxd4 a6
9.Rd1 Be7 10.Ng5 Bxg2 11.Kxg2 Nc6 12.Qf4 Ra7 13.Be3 Rd7  1/2-1/2

[Event "Frankfurt"]
[Site "Frankfurt"]
[Date "1990.??.??"]
[Round "?"]
[White "Uhlmann, Wolfgang"]
[Black "Zsinka, Laszlo"]
[Result "1-0"]
[WhiteElo "2505"]
[BlackElo "2370"]

1.c4 Nf6 2.Nc3 e6 3.Nf3 c5 4.g3 b6 5.Bg2 Bb7 6.d4 cxd4 7.Qxd4 d6 8.O-O a6
9.e4 Nbd7 10.Qe3 Qc7 11.b3 Be7 12.Bb2 O-O 13.Nd4 Rfe8 14.Rfe1 Bf8 15.Re2 Rad8
16.Qd2 Qb8 17.Rd1 Ba8 18.Qe1 g6 19.f3 Bg7 20.Kh1 Nc5 21.Bc1 Ncd7 22.g4 Rc8
23.Ba3 d5 24.exd5 exd5 25.g5 Nh5 26.Nxd5 Bxd5 27.cxd5 Nf4 28.Re4 Rxe4 29.Qxe4 Re8
30.Nc6 Rxe4 31.Nxb8 Re2 32.Nxd7 Nxg2 33.Nf6+ Bxf6 34.gxf6 Nh4 35.Bd6 g5 36.Bg3 Ng6
37.d6 Nf8 38.d7 Nxd7 39.Rxd7 h6 40.f4 Rxa2 41.fxg5 hxg5 42.Rd5  1-0

[Event "OL Wuert8990"]
[Site "Germany"]
[Date "1990.??.??"]
[Round "?"]
[White "Birke, Matthias"]
[Black "Knoedler, Dieter"]
[Result "1/2-1/2"]
[WhiteElo "2275"]
[BlackElo "2255"]

1.c4 Nf6 2.Nc3 e6 3.Nf3 c5 4.g3 Nc6 5.Bg2 d5 6.cxd5 Nxd5 7.O-O Be7 8.Nxd5 exd5
9.d4 O-O 10.b3 Re8 11.Bb2 Bf6 12.e3 b6 13.Qd2 Ba6 14.Rfd1 c4 15.Ne5 Rc8 16.bxc4 Bxc4
17.Bh3 Bxe5 18.dxe5 Nxe5 19.Bxe5 Rxe5 20.f4 Re8 21.Bxc8 Qxc8 22.Qf2 b5 23.Rd4 Qe6
24.Re1 f5 25.g4 a6 26.Kh1 g6 27.g5 b4 28.Kg2 a5 29.Qd2 Qc6 30.Kf3 Qa4 31.Re2 Bxe2+
32.Kxe2 Qb5+ 33.Kf2 Rd8 34.Qc2 Qb6 35.h4 Kf7  1/2-1/2

[Event "BL2-N8990"]
[Site "Germany"]
[Date "1990.??.??"]
[Round "?"]
[White "Rohde, Ulrich"]
[Black "Lingnau, Carsten"]
[Result "0-1"]
[WhiteElo "2280"]
[BlackElo "2230"]

1.c4 Nf6 2.Nc3 c5 3.Nf3 e6 4.g3 Be7 5.Bg2 O-O 6.d4 cxd4 7.Nxd4 a6 8.O-O Qc7
9.Qd3 d6 10.b3 Bd7 11.Bb2 Nc6 12.Rac1 Ne5 13.Qd2 Rac8 14.e4 Qb8 15.Qe2 Rfd8
16.Rfd1 Nc6 17.Nxc6 Bxc6 18.a4 Nd7 19.Nd5 Bf8 20.Qe3 b6 21.Nc3 Nc5 22.Na2 Qb7
23.f3 b5 24.axb5 axb5 25.Nb4 bxc4 26.Nxc6 Rxc6 27.Rxc4 Rb8 28.b4 Na6 29.Rxc6 Qxc6
30.Rc1 Qb6 31.Qxb6 Rxb6 32.Rc8 Rxb4 33.Ba3 Rb8 34.Rc6 Nb4 35.Rc4 d5 36.exd5 Nxd5
37.Bxf8 Kxf8 38.Kf2 Rb2+ 39.Kg1 Rxg2+  0-1

[Event "BL2-W8990"]
[Site "Germany"]
[Date "1990.??.??"]
[Round "?"]
[White "Kamp, Christoph"]
[Black "Beilfuss, Wilfried"]
[Result "1/2-1/2"]
[WhiteElo "2250"]
[BlackElo "2220"]

1.c4 c5 2.Nc3 Nf6 3.Nf3 e6 4.d4 cxd4 5.Nxd4 a6 6.Bg5 Be7 7.g3 h6 8.Be3 Ng4
9.Nc2 Nxe3 10.Nxe3 O-O 11.Bg2 d6 12.O-O Nd7 13.Qd2 Qc7 14.Rfd1 Nf6 15.Rac1 Rb8
16.Ne4 Nxe4 17.Bxe4 b6 18.Qd3 Bb7 19.Rc2 Rfc8 20.Rdc1 Bxe4 21.Qxe4 Qb7 22.Qxb7 Rxb7
23.Kf1 Rbc7 24.Ke1 Kf8 25.Kd2 h5 26.Kd3 g6 27.h3 Ke8 28.Ng2 Bf6 29.g4 hxg4
30.hxg4 Ke7 31.f3 Rh8 32.b3 Rh2 33.e3 Rc8 34.Nf4 Rch8 35.Rxh2 Rxh2 36.Rc2 Rh1
37.Ne2 Rh3 38.Ke4 Kd7 39.Nf4 Rh1 40.Ne2 Be5 41.Rd2 Rh3 42.f4 Bf6 43.g5 Bg7
44.Ng1 Rh1 45.Nf3 Kc6 46.Nd4+ Kc7 47.Nf3 Kc6 48.Nd4+ Kc7 49.Nf3 Bc3 50.Rc2 Ba1
51.Rd2 Bh8 52.Nd4 Rh3 53.Rc2 Bg7 54.Rd2 Bf8 55.Rc2 Be7 56.Rd2 Rh1 57.Nf3 Kc6
58.Nd4+ Kd7 59.Nf3 Kc7 60.Nd4 Bf8 61.Nf3 Rh5 62.Nd4 Be7 63.Nf3 Bd8 64.Rc2 Rh3
65.Nd4 Kd7 66.Rd2 Bc7 67.Nc2 b5 68.Rf2 Bb6 69.Rd2 bxc4 70.bxc4 Bc5 71.Nd4 Ke7
72.Re2 Rh1 73.Kd3 Kd7 74.Rb2 Kc7 75.Re2 Rh3 76.Ke4 Bxd4 77.Kxd4 Rh1 78.Rb2 Rd1+
79.Kc3 Rc1+ 80.Kd3 Rh1 81.Kc3 Rh8 82.Kd3 Rh3  1/2-1/2

[Event "BL2-SW8990"]
[Site "Germany"]
[Date "1990.??.??"]
[Round "?"]
[White "Osieka, Udo"]
[Black "Koerholz, Ludger"]
[Result "0-1"]
[WhiteElo "2235"]
[BlackElo "2255"]

1.Nf3 Nf6 2.c4 c5 3.Nc3 g6 4.d4 cxd4 5.Nxd4 Nc6 6.g3 d6 7.Bg2 Bd7 8.O-O Bg7
9.b3 O-O 10.Bb2 Qa5 11.e3 Rab8 12.a3 Rfc8 13.Rc1 a6 14.Re1 Bg4 15.Qd2 Qh5
16.Nce2 e5 17.Nxc6 bxc6 18.b4 Bf3 19.Bxf3 Qxf3 20.Nc3 Rd8 21.e4 Qh5 22.Qe2 Qh3
23.Rcd1 h5 24.f3 Bh6 25.Rd3 Qe6 26.Red1 Rd7 27.Qc2 a5 28.Qa4 axb4 29.axb4 Qxc4
30.Rxd6 Be3+ 31.Kg2 Rxd6 32.Rxd6 Rxb4 33.Qa8+ Kg7 34.Ba3 Rb1 35.Rd1 Rxd1
36.Qf8+ Kh7 37.Nxd1 Qe2+ 38.Kh3  0-1

[Event "BL2-S8990"]
[Site "Germany"]
[Date "1990.??.??"]
[Round "?"]
[White "Pribyl, Josef"]
[Black "Roemer, Uli"]
[Result "1-0"]
[WhiteElo "2440"]
[BlackElo "2250"]

1.c4 c5 2.Nf3 Nf6 3.Nc3 b6 4.g3 Bb7 5.Bg2 e6 6.O-O a6 7.b3 Be7 8.Bb2 O-O
9.d4 cxd4 10.Nxd4 Bxg2 11.Kxg2 Qc7 12.Qd3 Nc6 13.Nxc6 Qxc6+ 14.Qf3 b5 15.cxb5 axb5
16.Qxc6 dxc6 17.Rfc1 Ba3 18.Nd1 Bxb2 19.Nxb2 Rfc8 20.Nd3 Nd7 21.Rc2 Kf8 22.Rac1 Ke7
23.e4 e5 24.h4 f6 25.h5 Kd6 26.Rd2 Ke6 27.Nb4 c5 28.Rcd1 Nf8 29.Nd5 Ra6 30.Nc3 Rb6
31.Rd8 Rxd8 32.Rxd8 Nd7 33.Nd5 Rb7 34.Re8+ Kf7 35.Re7+ Kf8 36.h6 gxh6 37.Rxh7 Kg8  1-0

[Event "Gistrup"]
[Site "Gistrup"]
[Date "1990.??.??"]
[Round "5"]
[White "Berg, Klaus"]
[Black "Mannion, Stephen R"]
[Result "1-0"]
[WhiteElo "2410"]
[BlackElo "2315"]

1.Nf3 Nf6 2.c4 c5 3.Nc3 b6 4.e3 Bb7 5.d4 e6 6.Bd3 Be7 7.O-O O-O 8.d5 exd5
9.cxd5 d6 10.e4 Re8 11.Nd2 Bf8 12.a4 Ba6 13.Nb5 Qc8 14.b3 Nbd7 15.Bb2 Bxb5
16.axb5 g6 17.Ra4 Bg7 18.Qa1 Qc7 19.f4 Nh5 20.Be2 Bxb2 21.Qxb2 Ng7 22.Bf3 f6
23.Rfa1 Re7 24.Qa2 Nf8 25.Nc4 a5 26.e5 Ne8 27.Qb2 Nd7 28.e6 Nf8 29.f5 Rb8
30.g4 g5 31.h4 h6 32.hxg5 hxg5 33.Kg2 Rh7 34.Re1 Qe7 35.Raa1 Rb7 36.Rh1 Qd8
37.Qe2 Rbe7 38.Rxh7 Nxh7 39.Rh1 Nf8 40.Qb2 Ra7 41.Nd2 Rh7 42.Re1 Nc7 43.Ne4 Ne8
44.Qe2 Qe7 45.Nd2 Nc7 46.Nc4 Nxb5 47.Nxb6 Nd4 48.Qe4 Rh8 49.Nc8 Qe8 50.e7  1-0

[Event "Groningen op"]
[Site "Groningen"]
[Date "1990.??.??"]
[Round "1"]
[White "Hansen, Curt"]
[Black "Van der Werf, Mark"]
[Result "1-0"]
[WhiteElo "2560"]
[BlackElo "2365"]

1.c4 Nf6 2.Nc3 c5 3.Nf3 e6 4.g3 b6 5.Bg2 Bb7 6.O-O d6 7.Re1 Be7 8.e4 Nc6
9.d4 cxd4 10.Nxd4 Nxd4 11.Qxd4 O-O 12.b3 a6 13.Bb2 Qc7 14.Rac1 Rab8 15.Nd1 Ne8
16.Ne3 Bf6 17.Qd2 Bxb2 18.Qxb2 Nf6 19.Qd4 Qc5 20.Red1 Rfd8 21.f3 Ne8 22.Rc2 Rdc8
23.h4 Qxd4 24.Rxd4 Rc5 25.Bf1 Rbc8 26.Rcd2 Kf8 27.Kf2 R5c7 28.Bg2 Bc6 29.g4 h6
30.g5 hxg5 31.hxg5 Ba8 32.f4 Rc5 33.Bf3 g6 34.Ng4 e5 35.fxe5 dxe5 36.Rd8 Rxd8
37.Rxd8 Bc6 38.Rc8 Ke7 39.Nxe5 Rxe5 40.Rxc6 b5 41.Rxa6 bxc4 42.bxc4 Rc5 43.Ra7+ Nc7
44.Ke3 Rxc4 45.Bd1 Kd6 46.Bb3 Rc3+ 47.Kf4 Ne6+ 48.Bxe6 Kxe6 49.Ra6+ Ke7 50.a4 Kf8
51.a5 Rc5 52.Ra7 Rb5 53.a6 Ra5 54.e5 Ra4+ 55.Ke3 Kg8 56.Kd3 Kf8 57.Kc3 Kg8
58.Kb3 Ra5 59.Kb4 Ra1 60.Ra8+ Kg7 61.Kb5 Rb1+ 62.Kc6 Rc1+ 63.Kb7 Rb1+ 64.Ka7 Rg1
65.Re8 Rxg5 66.Kb6  1-0

[Event "Groningen op"]
[Site "Groningen"]
[Date "1990.??.??"]
[Round "2"]
[White "Kolev, Atanas"]
[Black "Biebinger, Gerhard"]
[Result "1/2-1/2"]
[WhiteElo "2445"]
[BlackElo "2290"]

1.c4 c5 2.Nf3 Nf6 3.Nc3 e6 4.g3 Nc6 5.Bg2 d5 6.cxd5 Nxd5 7.O-O Nxc3 8.bxc3 Be7
9.d4 O-O 10.e4 b6 11.d5 exd5 12.exd5 Na5 13.Qc2 Nc4 14.Bf4 Nd6 15.Ne5 Bf5
16.Qa4 Bf6 17.Rfe1 a6 18.Nc6 Qc7 19.Be5 Bxe5 20.Rxe5 b5 21.Qf4 Bd7 22.Rae1 Rae8
23.Ne7+ Kh8 24.Rh5 Bf5 25.Rxf5 Rxe7 26.Rxe7 Qxe7 27.Re5 Qd8 28.Re3 Kg8 29.h4 a5
30.g4 b4 31.g5 c4 32.cxb4 axb4 33.h5 c3 34.Re1 Qc7 35.h6 Re8 36.Rc1 Qc5 37.Bf3 Nb5
38.Kg2 Qd6 39.Qc4 Rb8 40.hxg7 Qe5 41.Qh4 Qxg7 42.Be4 Nd6 43.Rh1 Nxe4 44.Qxe4 Qxg5+
45.Kf1 Qc1+ 46.Kg2 Qg5+ 47.Kf1 Qc1+ 48.Kg2 Qg5+ 49.Kf1 Qc1+  1/2-1/2